000 00355 a2200145 4500
001 161698
020 _a
040 _cMagnum
100 _a-
240 1 0 _aNocoes de historia da patria - presidentes da republica
_lpor
245 1 0 _aNocoes de historia da patria - presidentes da republica
362 0 _a1899
697 _aMORAL E CIVICA
942 _cBK
999 _c161698
_d161698